LEADER 01766ojm 2200277z- 450 001 9910148910003321 005 20230912161814.0 010 $a0-00-722186-X 035 $a(CKB)3710000000923651 035 $a(BIP)012535436 035 $a(EXLCZ)993710000000923651 100 $a20231107c2005uuuu -u- - 101 0 $aeng 200 10$aState of Fear 210 $cHarperCollins UK 330 8 $aIn Paris, a physicist dies after performing a laboratory experiment for a beautiful visitor.In the jungles of Malaysia, a mysterious buyer purchases deadly cavitation technology, built to his specifications.In Vancouver, a small research submarine is leased for use in the waters of New Guinea.And in Tokyo, an intelligence agent tries to understand what it all means.Thus begins Michael Crichton's exciting and provocative techno-thriller State of Fear. Only Crichton's unique ability to blend scientific fact with pulse-pounding fiction could bring such disparate elements to a heart-stopping conclusion.This is Crichton's most wide-ranging thriller. State of Fear takes the reader from the glaciers of Iceland to the volcanoes of Antarctica, from the Arizona desert to the deadly jungles of the Solomon Islands, from the streets of Paris to the beaches of Los Angeles. The novel races forward on a roller-coaster thrill ride, all the while keeping the brain in high gear. Gripping and thought-provoking, State of Fear is Michael Crichton at his best. 610 $aFiction 610 $aLiterature and fiction 676 $a813.54 700 $aCrichton$b Michael$f1942-2008$025860 702 $aGreenstein$b Leah$4oth 702 $aBedford Lloyd$b John$4oth 906 $aAUDIO 912 $a9910148910003321 996 $aState of fear$93616497 997 $aUNINA